Estacions de Rodalies - Rodalia de Barcelona - Estadísticas

Estadísticas generales
  • Esta prueba ha sido intentada 4.034 veces
    2.045 desde el último reinicio
  • La puntuación promedio es 78 de 142
Estadísticas de respuestas
R % Correcto
Barcelona - Sants
94%
Barcelona - Pl. Catalunya
90%
L'Hospitalet de Llobregat
84%
Barcelona - Arc de Triomf
83%
Mataró
80%
Badalona
78%
Barcelona - El Clot
78%
Barcelona - Estació de França
78%
Barcelona - St. Andreu
74%
Castelldefels
72%
Blanes
71%
Manresa
71%
Barcelona - La Sagrera - Meridiana
70%
Barcelona - Passeig de Gràcia
69%
Maçanet - Massanes
69%
Montgat
69%
St. Adrià de Besós
69%
Sitges
68%
Vic
68%
Montcada i Reixac
66%
Sabadell Nord
66%
Vilanova i la Geltrú
66%
El Prat de Llobregat
65%
Sabadell Centre
65%
Cabrera de Mar - Vilassar de Mar
64%
Gavà
64%
Martorell Central
64%
Sabadell Sud
64%
St. Vicenç de Calders
64%
Barcelona - Fabra i Puig
63%
Granollers Centre
63%
Aeroport
62%
El Masnou
62%
Calella
61%
Cornellà
61%
Montcada Bifurcació
61%
Viladecans
61%
Vilassar de Mar
61%
Arenys de Mar
60%
Barcelona - Torre Baró | Vallbona
60%
Bellvitge | Gornal
60%
Cerdanyola del Vallès
60%
Molins de Rei
60%
Ocata
59%
Premiá de Mar
59%
Vilafranca del Penedès
59%
Montgat Nord
57%
St. Pol de Mar
57%
Montmeló
56%
Terrassa Estació del Nord
56%
Terrassa Est
54%
St. Celoni
53%
Canet de Mar
52%
St. Cugat Coll Favà
52%
St. Feliu de Llobregat
52%
Cerdanyola Universitat
51%
Garraf
51%
Barberà del Vallès
50%
Calafell
50%
Cunit
50%
Platja de Castelldefels
49%
Castellbisbal
48%
Les Franqueses - Granollers Nord
48%
Malgrat de Mar
48%
Montcada - Ripollet
48%
Pineda de Mar
48%
Cubelles
47%
Santa Susana
47%
Tordera
47%
Rubí Can Vallhonrat
46%
St. Joan Despí
46%
El Vendrell
45%
La Llagosta
45%
Montcada i Reixac - Manresa
45%
La Garriga
44%
Montcada i Reixac - Manresa
44%
Granollers - Canovelles
43%
Cardedeu
42%
Mollet - St. Fost
42%
Montcada i Reixac - Sta. Maria
42%
Segur de Calafell
42%
Sta. Perpètua de Mogoda - La Florida
42%
Parets del Vallès
41%
Sta. Perpètua de Mogoda - Riera de Caldes
41%
Caldes d'Estrac
40%
El papiol
40%
Les Franqueses del Vallès
39%
St. Andreu de Llavaneres
39%
Gelida
37%
Centelles
36%
St. Sadurní d'Anoia
36%
Vacarisses
36%
Vacarisses - Torreblanca
36%
L'Arboç
35%
Mollet - Sta. Rosa
35%
Viladecavalls
35%
Llinars del Vallès
34%
Balenyà - Tona - Seva
33%
Els Monjos
33%
Manlleu
33%
Hostalric
32%
Palautordera
30%
Torelló
30%
Balenyà - Els Hostalets
28%
Figaró
28%
La Granada
28%
St. Quirze de Besora
28%
Castellbell i el Vilar - Monistrol de Montserrat
27%
Gualba
26%
Lavern - Subirats
26%
St. Martí de Centelles
25%
Riells i Viabrea - Breda
23%
St. Vicenç de Castellet
23%
St. Miquel de Gonteres
19%
Borgonyà
16%
No se encontraron pruebas coincidentes
Distribución de puntuación
Porcentaje de gente con cada puntuación
Porcentaje por número respondido
Historial de tus puntuaciones
No has intentado esta prueba desde el último reinicio